Active control of rotors supported on fluid film bearings using magnetic bearings / (رقم التسجيلة. 18453)
[ عرض عادي ]
| 000 -LEADER | |
|---|---|
| fixed length control field | 015290000a22003250004500 |
| 003 - CONTROL NUMBER IDENTIFIER | |
| control field | EG-GiCUC |
| 005 - DATE AND TIME OF LATEST TRANSACTION | |
| control field | 20250223025704.0 |
| 008 - FIXED-LENGTH DATA ELEMENTS--GENERAL INFORMATION | |
| fixed length control field | 081214s2008 ua d f m 000 0 eng d |
| 040 ## - CATALOGING SOURCE | |
| Original cataloging agency | EG-GiCUC |
| Language of cataloging | eng |
| Transcribing agency | EG-GiCUC |
| 041 0# - LANGUAGE CODE | |
| Language code of text/sound track or separate title | Eng |
| 049 ## - LOCAL HOLDINGS (OCLC) | |
| Holding library | Deposite |
| 097 ## - Thesis Degree | |
| Thesis Level | M.Sc |
| 099 ## - LOCAL FREE-TEXT CALL NUMBER (OCLC) | |
| Classification number | Cai01.13.13.M.Sc.2008.An.A |
| 100 0# - MAIN ENTRY--PERSONAL NAME | |
| Personal name | Antoine Salama Dimitri Abboud |
| 245 10 - TITLE STATEMENT | |
| Title | Active control of rotors supported on fluid film bearings using magnetic bearings / |
| Statement of responsibility, etc. | Antoine Salama Dimitri Abboud ; Supervised Aly Elshafei |
| 246 15 - VARYING FORM OF TITLE | |
| Title proper/short title | التحكم الإيجابى للدوارات المحمولة على كراسى المحاور ذات الغشاء المائع باستخدام كراسى المحاور المغناطيسية |
| 260 ## - PUBLICATION, DISTRIBUTION, ETC. | |
| Place of publication, distribution, etc. | Cairo : |
| Name of publisher, distributor, etc. | Antoine Salama Dimitri Abboud , |
| Date of publication, distribution, etc. | 2008 |
| 300 ## - PHYSICAL DESCRIPTION | |
| Extent | 146P. : |
| Other physical details | charts ; |
| Dimensions | 30cm |
| 502 ## - DISSERTATION NOTE | |
| Dissertation note | Thesis(M.Sc.) - Cairo University - Faculty of Engineering - Department of Mechanical Design and Production |
| 520 ## - SUMMARY, ETC. | |
| Summary, etc. | Controlling rotors vibration in industrial applications has always motivated the research work in the field of rotor dynamics bearings represent always the tool for controlling the rotor behavior through their introduced damping and stiffness charcteristics |
| 530 ## - ADDITIONAL PHYSICAL FORM AVAILABLE NOTE | |
| Additional physical form available note | Issued also as CD |
| 653 #4 - INDEX TERM--UNCONTROLLED | |
| Uncontrolled term | Journal bearing |
| 653 #4 - INDEX TERM--UNCONTROLLED | |
| Uncontrolled term | Magnetic bearing |
| 653 #4 - INDEX TERM--UNCONTROLLED | |
| Uncontrolled term | Oil Whip |
| 700 0# - ADDED ENTRY--PERSONAL NAME | |
| Personal name | Aly Elshafei , |
| Relator term | |
| 856 ## - ELECTRONIC LOCATION AND ACCESS | |
| Uniform Resource Identifier | <a href="http://172.23.153.220/th.pdf">http://172.23.153.220/th.pdf</a> |
| 905 ## - LOCAL DATA ELEMENT E, LDE (RLIN) | |
| Cataloger | Nazla |
| Reviser | Revisor |
| 905 ## - LOCAL DATA ELEMENT E, LDE (RLIN) | |
| Cataloger | Soheir |
| Reviser | Cataloger |
| 942 ## - ADDED ENTRY ELEMENTS (KOHA) | |
| Source of classification or shelving scheme | Dewey Decimal Classification |
| Koha item type | Thesis |
| Source of classification or shelving scheme | Not for loan | Home library | Current library | Date acquired | Full call number | Barcode | Date last seen | Koha item type | Copy number |
|---|---|---|---|---|---|---|---|---|---|
| Dewey Decimal Classification | المكتبة المركزبة الجديدة - جامعة القاهرة | قاعة الرسائل الجامعية - الدور الاول | 11.02.2024 | Cai01.13.13.M.Sc.2008.An.A | 01010110050237000 | 22.09.2023 | Thesis | ||
| Dewey Decimal Classification | المكتبة المركزبة الجديدة - جامعة القاهرة | مخـــزن الرســائل الجـــامعية - البدروم | 11.02.2024 | Cai01.13.13.M.Sc.2008.An.A | 01020110050237000 | 22.09.2023 | CD - Rom | 50237.CD |